<?xml version="1.0" encoding="UTF-8"?>
<record
    xmlns:xsi="http://www.w3.org/2001/XMLSchema-instance"
    xsi:schemaLocation="http://www.loc.gov/MARC21/slim http://www.loc.gov/standards/marcxml/schema/MARC21slim.xsd"
    xmlns="http://www.loc.gov/MARC21/slim">

  <leader>01653nam a2200205 a 4500</leader>
  <controlfield tag="008">180523e2011    ag ||||gr|||| 000 1 spa d</controlfield>
  <datafield tag="020" ind1=" " ind2=" ">
    <subfield code="a">9789506442149</subfield>
  </datafield>
  <datafield tag="041" ind1=" " ind2=" ">
    <subfield code="a">spa</subfield>
  </datafield>
  <datafield tag="092" ind1=" " ind2=" ">
    <subfield code="c">808</subfield>
    <subfield code="l">13</subfield>
    <subfield code="s">COO</subfield>
  </datafield>
  <datafield tag="100" ind1="1" ind2=" ">
    <subfield code="a">Cook, Robin</subfield>
    <subfield code="9">3090</subfield>
  </datafield>
  <datafield tag="245" ind1=" " ind2="3">
    <subfield code="a">La cura /</subfield>
    <subfield code="c">Robin Cook</subfield>
  </datafield>
  <datafield tag="250" ind1=" " ind2=" ">
    <subfield code="a">1a ed.</subfield>
    <subfield code="b">Traducci&#xF3;n Eduardo G. Murillo</subfield>
  </datafield>
  <datafield tag="260" ind1=" " ind2=" ">
    <subfield code="a">Buenos Aires:</subfield>
    <subfield code="b">Plaza &amp; Janes;</subfield>
    <subfield code="c">2011.</subfield>
  </datafield>
  <datafield tag="300" ind1=" " ind2=" ">
    <subfield code="a">432 p.</subfield>
    <subfield code="c">23x16 cm.</subfield>
  </datafield>
  <datafield tag="500" ind1=" " ind2=" ">
    <subfield code="a">Cook, R. (2011). La cura. (1a ed.). Buenos Aires : Plaza &amp; Janes.</subfield>
  </datafield>
  <datafield tag="505" ind1=" " ind2=" ">
    <subfield code="a">Laurie Montgomery, doctora forense en Nueva york, ha vuelto al trabajo despu&#xE9;s de una larga licencia por maternidad. Muy preocupada por haber perdido sus habilidades despu&#xE9;s de dieciocho meses en casa, Laurie dedica el m&#xE1;ximo de atenci&#xF3;n y cuidado a su primera autopsia: un joven japon&#xE9;s que muri&#xF3; en el anden del metro aparentemente por causas naturales y sin ning&#xFA;n documento que lo identifique. En otro momento, Laurie habr&#xED;a firmado el certificado de defunci&#xF3;n sin pensarlo dos veces, pero en esta ocasi&#xF3;n hay algo que la hace dudar e insiste en revisar todas las grabaciones de las c&#xE1;maras de seguridad del metro. Descubre que detr&#xE1;s del fallecido se encontraban dos japoneses y uno de ellos se apunto con un paraguas. Adem&#xE1;s, cuando la polic&#xED;a logra identificar el cad&#xE1;ver, parece a&#xFA;n m&#xE1;s probable que fue un asesinato: el fallecido es Satoshi Machito, un prestigioso cient&#xED;fico propietario de una patente de c&#xE9;lulas madre pluripotentes, un aut&#xE9;ntico tesoro para la industria de la medicina regenerativa. </subfield>
  </datafield>
  <datafield tag="590" ind1=" " ind2=" ">
    <subfield code="a">Proyecto 4to. Donaci&#xF3;n Lara Victoria, mayo 2018.</subfield>
  </datafield>
  <datafield tag="655" ind1=" " ind2=" ">
    <subfield code="a">Literatura</subfield>
    <subfield code="9">2917</subfield>
  </datafield>
  <datafield tag="942" ind1=" " ind2=" ">
    <subfield code="2">ddc</subfield>
    <subfield code="c">LIT</subfield>
  </datafield>
  <datafield tag="999" ind1=" " ind2=" ">
    <subfield code="c">2769</subfield>
    <subfield code="d">2769</subfield>
  </datafield>
  <datafield tag="952" ind1=" " ind2=" ">
    <subfield code="0">0</subfield>
    <subfield code="1">0</subfield>
    <subfield code="2">ddc</subfield>
    <subfield code="4">0</subfield>
    <subfield code="7">0</subfield>
    <subfield code="a">BFM</subfield>
    <subfield code="b">BFM</subfield>
    <subfield code="c">CR</subfield>
    <subfield code="d">2018-05-24</subfield>
    <subfield code="e">Donaci&#xF3;n Victoria Lara, mayo 2018</subfield>
    <subfield code="l">9</subfield>
    <subfield code="m">3</subfield>
    <subfield code="o">808 13 COO</subfield>
    <subfield code="p">4280</subfield>
    <subfield code="r">2024-06-19</subfield>
    <subfield code="s">2024-05-13</subfield>
    <subfield code="t">Ej. 1</subfield>
    <subfield code="w">2018-05-24</subfield>
    <subfield code="y">LIT</subfield>
    <subfield code="z">Proyecto 4to libro. Donaci&#xF3;n Victoria Lara, mayo 2018</subfield>
  </datafield>
</record>
